[Event "Baltic Sea Cup"]
[Site "Bornholm"]
[Date "2008.08.03"]
[Round "7"]
[White "Holt, Michael"]
[Black "Caceres, Cipriano Sande"]
[Result "0-1"]
[WhiteElo "1000"]
[BlackElo "1792"]
[PlyCount "66"]
[EventDate "2008.07.29"]
[EventType "swiss"]
[EventRounds "10"]
[EventCountry "DEN"]
[SourceTitle "CBM 125 Extra"]
[Source "ChessBase"]
[SourceDate "2008.09.01"]
[SourceVersion "1"]
[SourceVersionDate "2008.09.01"]
[SourceQuality "1"]

1. b3 e5 2. Bb2 Nc6 3. e3 Nf6 4. Nf3 d6 5. Be2 Be7 6. 0-0 0-0 7. d3 e4 8. Nd4 Nxd4 9. Bxd4 d5 10. Nd2 c5 11. Bb2 Bf5 12. d4 b6 13. c4 Qc7 14. dxc5 Bxc5 15. cxd5 Nxd5 16. Qc2 Rae8 17. Bb5 Re7 18. Bc4 Bd6 19. Rac1 Bxh2+ 20. Kh1 Nf6 21. g3 Bxg3 22. fxg3 Qxg3 23. Rxf5 Qh3+ 24. Kg1 Qxf5 25. Ba3 Re5 26. Bxf8 Qg4+ 27. Kf2 Rf5+ 28. Ke1 Kxf8 29. Be2 Qg3+ 30. Kd1 Rc5 31. Nxe4 Nxe4 32. Qxe4 Qg1+ 33. Kd2 Qxc1+ 0-1

[Event "Baltic Sea Cup"]
[Site "Ronne"]
[Date "2007.07.31"]
[Round "2.58"]
[White "Holt, Michael"]
[Black "Zachariassen, John"]
[Result "0-1"]
[WhiteElo "1000"]
[BlackElo "1939"]
[PlyCount "36"]
[EventDate "2007.07.30"]
[EventType "swiss"]
[EventRounds "9"]
[EventCountry "DEN"]
[SourceTitle "EXT 2023"]
[Source "ChessBase"]
[SourceDate "2022.10.05"]
[SourceVersion "1"]
[SourceVersionDate "2022.10.05"]
[SourceQuality "1"]

1. b3 d5 2. Bb2 Bg4 3. h3 Bh5 4. g4 Bg6 5. Bg2 c5 6. d3 Nc6 7. f3 e5 8. e3 Qh4+ 9. Kd2 c4 10. Rh2 Qg3 11. Ne2 Qxh2 12. Qf1 0-0-0 13. d4 b5 14. f4 Be4 15. Bxe4 dxe4 16. Na3 exd4 17. Nxb5 d3 18. Re1 dxe2+ 0-1